000 00686nam a22002177a 4500
003 0
005 20250324103152.0
008 250324b xxu||||| |||| 00| 0 eng d
020 _a978-1-266-95850-2
050 _aHF 5635
_b.F86 2025
245 _aFundamentals of financial accounting
_cFred Phillips and three others
250 _aEight edition
260 _aNew York
_bMcGraw Hill, LLC
_c2025
300 _axxx, 662 pages :
_bcolored illustrations and pictures ;
_c26cm.
504 _aIncludes index and appendices.
650 _aFinancial accounting.
700 _aProell, Shana Clor.
700 _aLibby, Robert.
700 _aLibby, Patricia A.
942 _2lcc
_cBK
999 _c367317
_d367317